| 000 | 01112nam a2200313 i 4500 | ||
|---|---|---|---|
| 001 | 12079 | ||
| 003 | ES-MaACL | ||
| 005 | 20250916231836.0 | ||
| 007 | t| | ||
| 008 | 970407s1994 sp |||| | spa d | ||
| 020 | _a84-7731-167-6 | ||
| 080 | _a860-2.09"18/19" | ||
| 080 | _a32(0:82) | ||
| 100 | 1 |
_aCastellón, Antonio. _936571 |
|
| 245 | 1 | 3 |
_aEl teatro como instrumento político en España (1895-1914) / _cAntonio Castellón ; prólogo de Ricardo Domenech. |
| 260 |
_aMadrid : _bEndymion, _c[1994] |
||
| 300 |
_a287 p. ; _c20 cm. |
||
| 490 | 1 | _aTextos universitarios | |
| 504 | _aBibliografía: p. 265-287. | ||
| 650 | 4 |
_aTeatro español- _yS.XIX- _xHistoria y crítica _917348 |
|
| 650 | 4 |
_aTeatro español- _yS.XX- _xHistoria y crítica. _917361 |
|
| 650 | 4 |
_aLiteratura y política- _zEspaña- _yS.XIX. _9143121 |
|
| 650 | 4 |
_aLiteratura y política- _zEspaña- _yS.XX. _914677 |
|
| 650 | 4 |
_aPolítica- _xEn la literatura. _9142364 |
|
| 700 | 1 |
_aDoménech, Ricardo, _d1938-2010 _945084 |
|
| 830 | 0 |
_aTextos universitarios _9177853 |
|
| 852 |
_aES-MaACL _jL-19392 |
||
| 999 |
_c12079 _d12079 |
||